| 000 | 00608nam a2200205 a 4500 | ||
|---|---|---|---|
| 003 | BD-DhJNU | ||
| 005 | 20250701054345.0 | ||
| 008 | 221208s2010 ii b 001 0 eng | ||
| 020 | _a9788130912790 | ||
| 040 |
_aBD-DhJNU _bENG _cBD-DhJNU _dBD-DhJNU |
||
| 082 | 0 | 0 |
_a325.3 MCB _223 |
| 100 | 1 | _aMcLeod, John, | |
| 245 | 1 | 0 |
_aBeginning postcolonialism / _cJohn McLeod. |
| 260 |
_aNew Delhi _bviva Books, _cc2010. |
||
| 300 |
_axii, 274 p. ; _c21 cm. |
||
| 504 | _aIncludes bibliographical references (p. [261]-268) and index. | ||
| 650 | 0 | _aCommonwealth literature | |
| 650 | 0 | _aPostcolonialism | |
| 942 | _cBK | ||
| 999 |
_c1854 _d1854 |
||